La valoración de la fuerza con el test de Bosco
Furkejuvvon:
| Váldodahkki: | |
|---|---|
| Materiálatiipa: | Girji |
| Giella: | espánnjágiella |
| Almmustuhtton: |
Barcelona
Paidotribo
1994
|
| Ráidu: | Colección Deporte y Entrenamiento
|
| Fáttát: | |
| Fáddágilkorat: |
Lasit fáddágilkoriid
Eai fáddágilkorat, Lasit vuosttaš fáddágilkora!
|
MARC
| LEADER | 00000nam a2200000 a 4500 | ||
|---|---|---|---|
| 001 | UCZ6714 | ||
| 003 | CL-VaPUC | ||
| 008 | 951214e19940000SP |||||||||||||||||spa|d | ||
| 082 | 0 | 4 | |a 796.41 |b BOS |2 21 |
| 100 | 0 | |a Bosco, Carmelo |e author |9 351189 | |
| 245 | 1 | 3 | |a La valoración de la fuerza con el test de Bosco |
| 300 | |a 185 p | ||
| 942 | |c BK | ||
| 945 | |d 19951214 00:00:00 |a rleighto | ||
| 260 | |a Barcelona |b Paidotribo |c 1994 | ||
| 600 | 0 | 7 | |a TEST DE BOSCO |2 CL-VaPUC |9 351190 |
| 650 | 0 | |a Deportes |9 224367 | |
| 650 | 7 | |a ENTRENAMIENTO ATLETICO |2 CL-VaPUC |9 351191 | |
| 650 | 0 | |a Ejercicios |9 269807 | |
| 650 | 0 | |a Movimiento |9 322237 | |
| 650 | 0 | |a Fuerza |9 345825 | |
| 583 | |a last modification |c 19951214 00:00:00 |k Rodrigo Vera | ||
| 490 | 0 | |a Colección Deporte y Entrenamiento | |
| 999 | |c 242897 |d 242895 | ||
| 952 | |0 0 |1 0 |4 0 |6 796_410000000000000_BOS_1994 |7 0 |8 A |9 256219 |a BIBEDU |b BIBEDU |d 2019-11-19 |i 3161633 |o 796.41 BOS 1994 |p 3161633 |r 2019-11-19 |w 2019-11-19 |y BK |k EFI | ||